| 000 | 00756nab a2200229u 4500 | ||
|---|---|---|---|
| 001 | 12038 | ||
| 003 | HDC | ||
| 007 | c| |||a|c|aaaa | ||
| 008 | 210208b99999999my ||||o |||| 00| 0 eng d | ||
| 040 | _aHDC | ||
| 245 | 0 | _aFHA 2016 launches a Halal Supermarket, dedicated to a rising global market | |
| 336 |
_atext _2rdacontent |
||
| 337 |
_acomputer _2rdamedia |
||
| 338 |
_aonline resource _2rdacarrier |
||
| 650 |
_aFood&HotelAsia (FHA2016) _912396 |
||
| 650 |
_aglobal halal food _94492 |
||
| 710 | _aWorld Bakers | ||
| 856 | _zRequest full-text at [email protected] | ||
| 942 | _2lcc | ||
| 942 | _cNEWS | ||
| 942 | _kNWS0 000974 | ||
| 999 |
_c9361 _d9361 |
||